Ozzy Osbourne Songs - Sudden Death - Statistics

General Stats
  • This quiz has been taken 234 times
  • The average score is 11 of 20
Answers on the Grid
Answers color-coded by a green-red scale on the quiz's grid according to % correct below.
Perry Mason
Run to the Hills
Highway to Hell
Goodbye to Romance
Mr. Crowley
The Ultimate Sin
S.A.T.O
We're Not Gonna Take It
Miracle Man
Killer of Giants
Ordinary Man
Breaking the Law
Mr. Brownstone
Fire in the Sky
Bark At the Moon
Killing in the Name
Holy Diver
Mama, I'm Coming Home
Hellraiser
No More Tears
Let Me Hear You Scream
Crazy Train
Fade to Black
So Tired
Secret Loser
Girls Just Want to Have Fun
I Don't Wanna Stop
Runnin' with the Devil
Diary of a Madman
Mr. Tinkertrain
 
Answer Stats
Answer % Correct
Mr. Crowley
81%
Crazy Train
79%
Mama, I'm Coming Home
75%
No More Tears
69%
Bark At the Moon
66%
Diary of a Madman
65%
Ordinary Man
59%
The Ultimate Sin
59%
Hellraiser
56%
Goodbye to Romance
54%
Miracle Man
54%
Mr. Tinkertrain
54%
I Don't Wanna Stop
53%
Perry Mason
50%
Let Me Hear You Scream
48%
Killer of Giants
45%
S.A.T.O
41%
Fire in the Sky
40%
So Tired
39%
Secret Loser
37%
No matching quizzes found
Score Distribution
Percent of People with Each Score
Percentile by Number Answered
Your Score History
You have not taken this quiz